| 000 | 00539cam a22001934a 4500 | ||
|---|---|---|---|
| 005 | 20250605164057.0 | ||
| 008 | 250528s ||||||||||||||||||||||||d | ||
| 035 | _a17494 | ||
| 020 | _a3406522513 | ||
| 040 |
_aGR-AtMCL _bgre _dGR-AtMCL _eAACR2 |
||
| 245 | 1 | _aDeutscher Juristentag / Rechtsberatung Zwischen Deregulierung Und Verbraucherschutz | |
| 260 |
_bC. H. Beck, _c2004 |
||
| 300 | _a68 | ||
| 700 | 1 |
_aPrutting Hanns Prof. Dr _93632 |
|
| 700 | 1 |
_aRottleuthner Hubert _93633 |
|
| 942 | _cBK | ||
| 999 |
_c2902 _d2902 |
||